000 003320000a22001570004500
001 004458
003 MACL
040 _aMACL
090 _c16451
_d16450
100 _aRoy, Aparna
245 _aWomen In Purana Tradition
_cAparna Roy
260 _aRaka Prakashan,
_c2004
350 _a300
650 _aReligion
942 _k231
_cBook
999 _c16347
_d16347